Normal view
MARC view
Entry Personal Name
001 - CONTROL NUMBER
- control field: 1238197
003 - CONTROL NUMBER IDENTIFIER
- control field: OSt
005 - DATE AND TIME OF LATEST TRANSACTION
- control field: 20260430150659.0
008 - FIXED-LENGTH DATA ELEMENTS
- fixed length control field: 260430|| aca||aabn | a|a d
040 ## - CATALOGING SOURCE
- Original cataloging agency: OSt
- Transcribing agency: OSt
100 ## - HEADING--PERSONAL NAME
- Personal name: Anjali Kumari Au.; Panda Nabin Kumar Gu
670 ## - SOURCE DATA FOUND
- Source citation: Work cat.: (OSt)1850375: Anjali Kumari Au.; Panda Nabin Kumar Gu., Economic, Strategic and Geopolitical Implications of India-Japan Engagement in Africa: 2001-2021, 2024
